书目信息 |
| 题名: |
民俗旅游学
|
|
| 作者: | 邱扶东 著 | |
| 分册: | ||
| 出版信息: | 上海 立信会计出版社 2006.12 |
|
| 页数: | 305页 | |
| 开本: | 21cm | |
| 丛书名: | 21世纪高等院校旅游管理专业系列 | |
| 单 册: | ||
| 中图分类: | F590.7 | |
| 科图分类: | ||
| 主题词: | 民俗学--min su xue--旅游--高等学校--教材 | |
| 电子资源: | ||
| ISBN: | 978-7-5429-1732-4 | |
| 000 | 00987nam 2200265 450 | |
| 001 | 012007858160 | |
| 005 | 20071203172814.95 | |
| 010 | @a978-7-5429-1732-4@dCNY17.00 | |
| 100 | @a20071203d2006 km y0chi0120 ea | |
| 101 | 0 | @achi |
| 102 | @aCN@b310000 | |
| 105 | @ay a 000yy | |
| 106 | @ar | |
| 200 | 1 | @a民俗旅游学@Amin su lu you xue@f邱扶东著@Fqiu fu dong zhu |
| 210 | @a上海@c立信会计出版社@d2006.12 | |
| 215 | @a305页@d21cm | |
| 225 | 2 | @a21世纪高等院校旅游管理专业系列@A21 shi ji gao deng yuan xiao lu you guan li zhuan ye xi lie |
| 320 | @a有书目 (第290-305页)。 | |
| 330 | @a本书要研究民俗旅游资源的开发,以及民俗旅游产品和民俗旅游商品的生产与管理。本书将讨论民俗旅游的内涵、民俗旅游区划、民俗旅游资源类型、民俗旅游资源等。 | |
| 410 | 0 | @12001 @a21世纪高等院校旅游管理专业系列 |
| 606 | 0 | @a民俗学@Amin su xue@x旅游@x高等学校@j教材 |
| 690 | @aF590.7@v4 | |
| 701 | 0 | @a邱扶东@Aqiu fu dong@4著 |
| 801 | 0 | @aCN@bQSSK@c20071203 |
| 905 | @b269693-95@dF590.7@eQ710@f3 | |
| 民俗旅游学/邱扶东著.-上海:立信会计出版社,2006.12 |
| 305页;21cm.-(21世纪高等院校旅游管理专业系列) |
| ISBN 978-7-5429-1732-4:CNY17.00 |
| 本书要研究民俗旅游资源的开发,以及民俗旅游产品和民俗旅游商品的生产与管理。本书将讨论民俗旅游的内涵、民俗旅游区划、民俗旅游资源类型、民俗旅游资源等。 |
| ● |
| 相关链接 |
|
|
|
正题名:民俗旅游学
索取号:F590.7/Q710
 
预约/预借
| 序号 | 登录号 | 条形码 | 馆藏地/架位号 | 状态 | 备注 |
| 1 | 269693 | 202696939 | 社科库409/409社科库 39排4列2层/ [索取号:F590.7/Q710] | 在馆 | |
| 2 | 269694 | 202696948 | 社科库409/409社科库 39排4列2层/ [索取号:F590.7/Q710] | 在馆 | |
| 3 | 269695 | 202696957 | 社科库409/422社科库 36排1列3层/ [索取号:F590.7/Q710] | 在馆 |